000 01962nam a2200517 i 4500
001 20892
003 KOSZ 005
005 20230119090327.0
008 991116s1981 pl a |000 0 pol
015 _aUWD 1982/7039
035 _a991012144029705066
035 _a(PL-WaBN)b13290502-48omnis_nlop
035 _ab13290502
035 _a(OCoLC)830228665
035 _a(PL)b0000001329050
035 _a(EXLNZ-48OMNIS_NETWORK)9910257982905606
040 _aWA N
_cWA N
_dKOSZ 005/HR
041 0 _apol
046 _k1981
080 _a658.1/.5
100 1 _aBojar, Ewa
_d(1949- )
_eAutor
245 1 0 _aZarządzanie przemysłem :
_bteoretyczne problemy samodzielności jadnostek gospodarczych /
_cEwa Bojar, Wacław Grzybowski, Alicja Oniszczuk.
260 _aLublin :
_bPL,
_c1981.
300 _a168 s. :
_b2 il., 2 tab. ;
_c24 cm.
336 _aTekst
_btxt
_2rdacontent
337 _aBez urządzenia pośredniczącego
_bn
_2rdamedia
338 _aWolumin
_bnc
_2rdacarrier
380 _aKsiążki
388 _a1901-2000
388 _a1945-1989
490 1 _aPrace Instytutu Organizacji i Zarządzania / Politechnika Lubelska. Seria A, Rozprawy i Studia ;
_vnr 18
504 _aBibliogr. s. 159-168.
650 7 _aEkonomika przedsiębiorstwa
_2DBN
650 7 _aPrzedsiębiorstwo przemysłowe
_2DBN
650 7 _aRozrachunek gospodarczy
_2DBN
651 7 _aPolska
_2DBN
658 _aGospodarka, ekonomia, finanse
658 _aZarządzanie i marketing
700 1 _aGrzybowski, Wacław
_d(1929-2004)
_eAutor
700 1 _aOniszczuk, Alicja
_eAutor
710 2 _aPolitechnika Lubelska
830 0 _aPrace Instytutu Organizacji i Zarządzania - Politechnika Lubelska.
_nSeria A,
_pRozprawy i Studia ;
_vnr 18
856 _uhttp://koha.tu.koszalin.pl/cgi-bin/koha/opac-detail.pl?biblionumber=20892
_yKatalog online BPK
942 _2UKD
_cKS
999 _c20892
_d20892